Goodnight, sleep well and bless you / (Record no. 14119)

MARC details
000 -LEADER
fixed length control field 00551cam a22001932 4500
001 - CONTROL NUMBER
control field 0000005551
005 - DATE AND TIME OF LATEST TRANSACTION
control field 20151217160106.0
008 - FIXED-LENGTH DATA ELEMENTS--GENERAL INFORMATION
fixed length control field 070618s xx 000 0 eng d
040 ## - CATALOGING SOURCE
Original cataloging agency KABU
Transcribing agency KABU
050 #0 - LIBRARY OF CONGRESS CALL NUMBER
Classification number PZ7
Item number .M3G66
100 1# - MAIN ENTRY--PERSONAL NAME
Personal name Majale, Theresa.
-- 0000156816
245 10 - TITLE STATEMENT
Title Goodnight, sleep well and bless you /
Statement of responsibility, etc. Theresa Majale and H. Mweti.
260 ## - PUBLICATION, DISTRIBUTION, ETC. (IMPRINT)
Place of publication, distribution, etc. Nairobi :
Name of publisher, distributor, etc. Phoenix,
Date of publication, distribution, etc. 2001.
300 ## - PHYSICAL DESCRIPTION
Extent 23 p.
700 1# - ADDED ENTRY--PERSONAL NAME
Personal name Mweti, H.
-- 0000156817
908 ## - PUT COMMAND PARAMETER (RLIN)
Put command parameter 070618
950 ## - LOCAL HOLDINGS (RLIN)
-- 1
Holdings
Withdrawn status Lost status Source of classification or shelving scheme Not for loan Home library Current library Date acquired Total Checkouts Full call number Barcode Date last seen Price effective from Koha item type
    Library of Congress Classification   Kabarak, Main Campus Kabarak, Main Campus 17/12/2015   PZ7 .M3G66 001994 17/12/2015 17/12/2015 Children Collection
Designed with assistance from East African Informatics Ltd